گل بن / (Record no. 108019)

MARC details
000 -LEADER
fixed length control field 00694nam a22002417a 4500
005 - DATE AND TIME OF LATEST TRANSACTION
control field 20170123162334.0
010 ## - LIBRARY OF CONGRESS CONTROL NUMBER
LC control number A-905764
020 ## - INTERNATIONAL STANDARD BOOK NUMBER
Terms of availability 125.00
035 ## - SYSTEM CONTROL NUMBER
System control number A-905764
037 ## - SOURCE OF ACQUISITION
Source of stock number/acquisition Cen Lib/Ret
040 ## - CATALOGING SOURCE
Original cataloging agency DPL
Language of cataloging UR
082 ## - DEWEY DECIMAL CLASSIFICATION NUMBER
Classification number ن
Item number چ ش ت
100 ## - MAIN ENTRY--PERSONAL NAME
Personal name چشتی، سیدہ نسیم
9 (RLIN) 376
245 ## - TITLE STATEMENT
Title گل بن /
Statement of responsibility, etc سیدہ نسیم چشتی
246 ## - VARYING FORM OF TITLE
Title proper/short title Gul ban /
Remainder of title by Sayyada Naseem Chishti
260 ## - PUBLICATION, DISTRIBUTION, ETC. (IMPRINT)
Name of publisher, distributor, etc سیدہ نسیم چشتی
300 ## - PHYSICAL DESCRIPTION
Extent 518p.
Dimensions 21cm(Hb)
650 ## - SUBJECT ADDED ENTRY--TOPICAL TERM
Topical term or geographic name as entry element ادب - اردو
9 (RLIN) 140797
650 ## - SUBJECT ADDED ENTRY--TOPICAL TERM
Topical term or geographic name as entry element اردو ناول
9 (RLIN) 140798
650 ## - SUBJECT ADDED ENTRY--TOPICAL TERM
Topical term or geographic name as entry element Literature - Urdu
9 (RLIN) 140799
650 ## - SUBJECT ADDED ENTRY--TOPICAL TERM
Topical term or geographic name as entry element Urdu novel
9 (RLIN) 140800
942 ## - ADDED ENTRY ELEMENTS (KOHA)
Source of classification or shelving scheme Dewey Decimal Classification
Koha item type Urdu Bks
Classification part ن
Call number suffix چ ش ت
Holdings
Withdrawn status Lost status Damaged status Not for loan Home library Current library Date acquired Source of acquisition Cost, normal purchase price Total Checkouts Full call number Barcode Date last seen Date checked out Copy number Cost, replacement price Price effective from Koha item type
        Central Library Central Library 13/01/2016 Cen Lib/Ret 125.00 1 ن چ ش ت A-905764 25/02/2019 06/02/2019 1 125.00 13/01/2016 Urdu Bks

© Delhi Public Library
Hit Counter
free hit counter